<?xml version="1.0" encoding="UTF-8"?><?xml-stylesheet type="text/xsl" href="static/style.xsl"?><OAI-PMH xmlns="http://www.openarchives.org/OAI/2.0/" xmlns:xsi="http://www.w3.org/2001/XMLSchema-instance" xsi:schemaLocation="http://www.openarchives.org/OAI/2.0/ http://www.openarchives.org/OAI/2.0/OAI-PMH.xsd"><responseDate>2026-04-17T21:26:43Z</responseDate><request verb="GetRecord" identifier="oai:riubu.ubu.es:10259/10896" metadataPrefix="marc">https://riubu.ubu.es/oai/request</request><GetRecord><record><header><identifier>oai:riubu.ubu.es:10259/10896</identifier><datestamp>2025-09-30T07:32:01Z</datestamp><setSpec>com_10259_9418</setSpec><setSpec>com_10259_5087</setSpec><setSpec>com_10259_2728</setSpec><setSpec>col_10259_9419</setSpec></header><metadata><record xmlns="http://www.loc.gov/MARC21/slim" xmlns:doc="http://www.lyncode.com/xoai" xmlns:xsi="http://www.w3.org/2001/XMLSchema-instance" xmlns:dcterms="http://purl.org/dc/terms/" xsi:schemaLocation="http://www.loc.gov/MARC21/slim http://www.loc.gov/standards/marcxml/schema/MARC21slim.xsd">
<leader>00925njm 22002777a 4500</leader>
<datafield tag="042" ind1=" " ind2=" ">
<subfield code="a">dc</subfield>
</datafield>
<datafield tag="720" ind1=" " ind2=" ">
<subfield code="a">Pascual Carrasco, David</subfield>
<subfield code="e">author</subfield>
</datafield>
<datafield tag="260" ind1=" " ind2=" ">
<subfield code="c">2023-06</subfield>
</datafield>
<datafield tag="520" ind1=" " ind2=" ">
<subfield code="a">Cuando un proyecto nuevo llega a la planta, son muchas las tareas a realizar para conseguir su implementación y su estandarización según las normas de Edscha.&#xd;
A su vez, cuando un cliente solicita un aumento en la capacidad de producción se&#xd;
generan nuevas acciones a realizar para conseguir mejorar el proceso productivo y&#xd;
alcanzar la producción solicitada.&#xd;
En este caso, el presente trabajo trata del desarrollo de todo el proceso de&#xd;
implementación de nuevas máquinas y operaciones para mejorar la producción de un producto ya implementado en la fábrica.&#xd;
Para conseguir esta mejora nos basaremos en estudios de métodos y tiempos, desarrollando un trabajo de mejora continua con herramientas como SAP, Captor, TiCon (Estudios MTM), PowerBI, APIS y softwares de diseño 2D y 3D.&#xd;
Cuando las mejoras estén implementadas se verán reflejadas en una disminución del&#xd;
tiempo productivo, una mejora en ergonomía en los operarios de la planta y un aumento de la productividad.&#xd;
Para desarrollar este proyecto me han ayudado varios departamentos de la empresa a los que se hará mención durante el desarrollo del proyecto.</subfield>
</datafield>
<datafield tag="024" ind2=" " ind1="8">
<subfield code="a">https://hdl.handle.net/10259/10896</subfield>
</datafield>
<datafield tag="245" ind1="0" ind2="0">
<subfield code="a">Implantación e industrialización de una nueva célula de fabricación de retenedores</subfield>
</datafield>
</record></metadata></record></GetRecord></OAI-PMH>